000 00233nam a22001097a 4500
040 _cSK
082 _a343
100 _aLINDSAY CLANDFIELD
245 _aStraightforward Elementary student book
260 _aRUA
_bDav
_c2010
942 _cEK
999 _c8443
_d8443